The architectural heritage of Sri Lank measured drawings from the anjalendran studio (Record no. 6540)
[ view plain ]
| 000 -LEADER | |
|---|---|
| fixed length control field | 00347nam a2200109Ia 4500 |
| 008 - FIXED-LENGTH DATA ELEMENTS--GENERAL INFORMATION | |
| fixed length control field | 200302s9999 xx 000 0 und d |
| 100 ## - MAIN ENTRY--PERSONAL NAME | |
| Personal name | David Robson and Others |
| 245 ## - TITLE STATEMENT | |
| Title | The architectural heritage of Sri Lank measured drawings from the anjalendran studio |
| 260 ## - PUBLICATION, DISTRIBUTION, ETC. | |
| Name of publisher, distributor, etc. | A Talisman book for Laurence King Pvt Ltd. |
| 260 ## - PUBLICATION, DISTRIBUTION, ETC. | |
| Date of publication, distribution, etc. | 2016 |
| 300 ## - PHYSICAL DESCRIPTION | |
| Extent | 235 |
| Withdrawn status | Lost status | Damaged status | Not for loan | Permanent Location | Current Location | Date acquired | Cost, normal purchase price | Total Checkouts | Full call number | Barcode | Date last seen | Date last checked out | Price effective from | Koha item type |
|---|---|---|---|---|---|---|---|---|---|---|---|---|---|---|
| BMS College of Architecture, Design and Planning | BMS College of Architecture, Design and Planning | 2020-03-03 | 3344.00 | 1 | 720.95493 | AR-UG442 | 2024-08-19 | 2024-08-12 | 2020-03-03 | UG Books |